| 000 | 00603nam a2200241Ia 4500 | ||
|---|---|---|---|
| 003 | OSt | ||
| 005 | 20230403104436.0 | ||
| 008 | 210423s1968 xx 000 0 und d | ||
| 020 | _a716604736 | ||
| 040 | _cAL | ||
| 041 | _aeng | ||
| 082 | _a030.02 WORL | ||
| 100 |
_aWORLD book dictionary _982303 |
||
| 245 | _aWorld book dictionary | ||
| 260 |
_aChicago _bField Enterprises educational corporation _c1968 |
||
| 300 |
_avii,628 _bHB |
||
| 365 | _cINR | ||
| 440 | _v2 | ||
| 650 |
_aEncyclopedic Works _982304 |
||
| 650 |
_aGeneral _982305 |
||
| 906 | _adictionary. ; World | ||
| 942 |
_cBK _2ddc |
||
| 999 |
_c157934 _d157934 |
||